Statistiques concernant Columbo

Cliquez ici pour prendre le quiz!

Statistiques générales

  • Ce quiz a été pris 29 fois
  • Le résultat moyen est 13 sur 20

Statistiques - réponses

Réponse% Correct
Cigare
100%
Lieutenant
100%
Sa Femme
100%
Italie
89%
Imperméable
86%
Los Angeles
86%
Peter Falk
86%
Le Meurtrier
79%
Basset hound
75%
Chili Con Carne
68%
Le Chien
68%
Mexique
68%
Peugeot 403
64%
Steven Spielberg
61%
Frank
46%
New York
43%
69
36%
Criminelle
36%
Patrick McGoohan
29%
Pascal Brunner
11%

Distribution des résultats

Percentile par nombre de réponses

% des personnes avec chaque résultat

Votre développement - résultats

Vous n’avez pas pris ce quiz